| 000 | 00592nam a2200241 a 4500 | ||
|---|---|---|---|
| 001 | nice12345678 | ||
| 003 | IN_TiNIC | ||
| 005 | 20260116013608.0 | ||
| 008 | 050524s1991 dela grp 000 0 eng | ||
| 020 |
_a _c75 |
||
| 082 | 0 | 0 |
_a297.23 _bISL |
| 100 | _aIslam, K Mohd | ||
| 245 | _aScene of Death and What Happens After Death | ||
| 260 |
_aDelhi _bIslamic Book Service _c1991 |
||
| 300 | _a502p | ||
| 500 | _aincludes index and biblioraphy | ||
| 505 | 2 | _aIndex | |
| 650 | _aEschatology-Islamic | ||
| 700 | 1 | _aIslam, K Mohd | |
| 902 | _bSRS | ||
| 942 | _cBK | ||
| 999 |
_c11594 _d11594 |
||